Michigan Superlatives - Statistics

General Stats
  • This quiz has been taken 23 times
  • The average score is 8 of 14
Answer Stats
Hint Answer % Correct
Largest City Detroit
95%
Busiest Airport Detroit Metropolitan Wayne County Airport
95%
Largest Lake that Michigan borders Lake Superior
95%
Largest four-year college or university (by 2021 total enrollment) University of Michigan
90%
Largest County (Population) Wayne
81%
Largest Island Isle Royale
62%
Longest River Grand River
48%
All-Time Highest Recorded Temperature (°F) 112°F (Mio)
43%
All-Time Lowest Recorded Temperature (°F) -51°F (Vanderbilt)
38%
Tallest Building Detroit Marriott at the Renaissance Center
38%
Largest County (Area) Keweenaw (total) / Marquette (land)
38%
Largest Lake entirely within Michigan Houghton Lake
33%
Oldest continuously inhabited settlement Sault Ste. Marie
33%
Highest Point Mount Arvon
24%
No matching quizzes found
Score Distribution
Percent of People with Each Score
Percentile by Number Answered
Your Score History
You have not taken this quiz